000 00745cam a22002292 4500
001 0000012096
005 20151217145854.0
008 090202s xx 000 0 eng d
020 _a1403992987 :
040 _aKABU
_cKABU
050 0 _aHD58.8
_b.H39 2007
100 1 _aHayes, John,
_d1943-.
_@0000150847
245 1 4 _aThe Theory and practice of change management /
_cJohn Hayes.
250 _a2nd ed.
260 _aHoundmills, Basingstoke, Hampshire ;
_aNew York :
_bPalgrave Macmillan,
_c2007.
300 _axxii, 401 p.
650 0 _aOrganizational change.
_@0000150813
650 0 _aOrganizational effectiveness.
_@0000150612
852 1 _9p3953.87 KES
908 _a090202
950 _@1
999 _c3544
_d3544